000 00476nam a2200169 i 4500
001 124190
003 ES-MaACL
005 20230906192336.0
007 t|
008 070214s1974 sp r ||||1| spa d
110 2 _aRENFE.
_96419
245 1 0 _aMemoria correspondiente al ejercicio de 1973 de Renfe.
260 _aMadrid :
_b[s. n.],
_c1974 (
_fG. Enar)
300 _a215 p. :
_bil. ;
_c27 cm.
610 2 4 _aRENFE-
_vMemorias.
_9170435
852 _aES-MaACL
_jE-5742
_bR.90147
999 _c124190
_d124190